Länder mit dem höchsten Männeranteil - Statistiken

Allgemein
  • Dieses Quiz wurde 140 mal gespielt
  • Das Durchschnittsergebnis liegt bei 10 aus 21
Antwortstatistiken
Platz Land Männer pro 100 Frauen % Korrekt
14. China 106,3
87%
6. Saudi-Arabien 130,9
84%
1. Katar 306,6
80%
10. Indien 107,6
78%
2. Vereinigte Arabische Emirate 272,2
78%
3. Oman 184,4
72%
4. Bahrain 161,3
70%
5. Kuwait 135
65%
17. Pakistan 105,6
65%
13. Afghanistan 106,4
55%
14. Brunei 106,3
37%
9. Bhutan 113,4
35%
11. Malaysia 106,9
28%
7. Malediven 130,2
26%
20. Fidschi 103,4
25%
19. Papua-Neuguinea 103,5
25%
12. Samoa 106,6
21%
20. Salomonen 103,4
20%
18. Mikronesien 105
18%
16. Gabun 105,7
8%
8. Äquatorialguinea 123
6%
Keine übereinstimmenden Quizze gefunden
Verteilung der Resultate
Anzahl Personen mit jedem Resultat
Perzentil nach korrekt beantworteten Fragen
Ihre Resultats-Entwicklung
Sie haben dieses Quiz noch nicht gespielt